Etická výchova a nové osnovy občianskej náuky

Bibliographic Details
Format: Article
Language:Slovak
Subjects:

MARC

LEADER 00000nab a2200000 a 4500
001 vtls000408860
003 SK-MaSNL
005 20260304034606.0
008 140301c1991 xo 0 slo
015 |a SNBRB19rr/mm-uuuuu 
035 |a CL0408984 
040 |a SNKBUCL  |b slo  |c SNKBUCL  |e AACR2 
041 0 |a slo 
044 |a xo  |c SK 
080 |a 37.03:372.870.1  |2 1981 
080 |a 372.870.1  |2 1981 
245 0 0 |a Etická výchova a nové osnovy občianskej náuky 
650 0 7 |a estetická výchova  |2 SNKPH  |9 66289 
650 0 7 |a občianska náuka  |2 SNKPH  |9 207230 
655 7 |a články z novín a časopisov  |2 SNK  |9 267496 
773 0 |t Učiteľské noviny  |g Roč. 41, č. 1 (1991), s. 3 
850 |a Slovenská národná knižnica v Martine  |a MTA001 
852 |a SNK  |b KIS3GCP 
958 |a RK 
992 |a RBX 
999 |c 2653926  |d 2655856